Islami qamari calendar: (Record no. 342308)

000 -LEADER
fixed length control field nam a22 7a 4500
003 - CONTROL NUMBER IDENTIFIER
control field NUST
005 - DATE AND TIME OF LATEST TRANSACTION
control field 20171218100649.0
008 - FIXED-LENGTH DATA ELEMENTS--GENERAL INFORMATION
fixed length control field 171218b xxu||||| |||| 00| 0 eng d
040 ## - CATALOGING SOURCE
Transcribing agency NUST
082 ## - DEWEY DECIMAL CLASSIFICATION NUMBER
Classification number 529.3
Author Mark ILY
100 ## - MAIN ENTRY--PERSONAL NAME
Personal name Muhammad Ilyas
9 (RLIN) 7399
245 ## - TITLE STATEMENT
Title Islami qamari calendar:
Remainder of title ilm falkiyat ki roshni mein /
Statement of responsibility, etc. Muhammad Ilyas
260 ## - PUBLICATION, DISTRIBUTION, ETC.
Place of publication, distribution, etc. Islamabad:
Name of publisher, distributor, etc. Pakistan Science Foundation,
Date of publication, distribution, etc. 1998
300 ## - PHYSICAL DESCRIPTION
Extent 284 pages
504 ## - BIBLIOGRAPHY, ETC. NOTE
Bibliography, etc. note include bibliography and references
650 ## - SUBJECT ADDED ENTRY--TOPICAL TERM
Topical term or geographic name entry element Calendar- Chronology
9 (RLIN) 7400
880 ## - ALTERNATE GRAPHIC REPRESENTATION
Linkage 100-01\(3\r
Title محمد الیاس
880 ## - ALTERNATE GRAPHIC REPRESENTATION
Linkage 245-02\(3\r
Title اسلامی قمری کیلنڈر:
b علم فلکیات کی روشنی میں
c محمد الیاس
880 ## - ALTERNATE GRAPHIC REPRESENTATION
Linkage 260-03\(3\r
Title اسلام آباد:
b پاکستان سائنس فاؤنڈیشن،
c 1998
942 ## - ADDED ENTRY ELEMENTS (KOHA)
Source of classification or shelving scheme
Koha item type Book
Holdings
Withdrawn status Lost status Source of classification or shelving scheme Damaged status Not for loan Permanent Location Current Location Shelving location Date acquired Full call number Barcode Date last seen Copy number Price effective from Koha item type
          Central Library (CL) Central Library (CL) Book Cart 12/18/2017 529.3 ILY CL3041 12/18/2017 1 12/18/2017 Book
© 2023 Central Library, National University of Sciences and Technology. All Rights Reserved.